La teoría de las ciencias sociales
Saved in:
| Main Author: | |
|---|---|
| Format: | Book |
| Language: | Spanish |
| Published: |
Santiago
Ercilla
1988
|
| Edition: | 1a. ed |
| Series: | Las Más Grandes Obras del Conocimiento, 22
|
| Subjects: | |
| Tags: |
Add Tag
No Tags, Be the first to tag this record!
|
MARC
| LEADER | 00000cam a2200000 a 4500 | ||
|---|---|---|---|
| 001 | UCW9512 | ||
| 003 | CL-VaPUC | ||
| 008 | 890503e19880000CL |||||||||||||||||spa|d | ||
| 082 | 0 | 4 | |a 300.1 |b WEB |2 21 |
| 100 | 0 | |a Weber, Max |e author |9 314708 | |
| 245 | 1 | 3 | |a La teoría de las ciencias sociales |
| 250 | |a 1a. ed | ||
| 300 | |a 127 p | ||
| 942 | |c BK | ||
| 945 | |d 19890503 00:00:00 | ||
| 260 | |a Santiago |b Ercilla |c 1988 | ||
| 500 | |a Se distribuye con Revista Ercilla | ||
| 650 | 0 | |a Filosofía de las ciencias sociales |9 268057 | |
| 583 | |a last modification |c 20170816 11:12:02 |k Rodrigo Vera | ||
| 490 | 0 | |a Las Más Grandes Obras del Conocimiento, 22 | |
| 999 | |c 221461 |d 221459 | ||
| 952 | |0 0 |1 0 |4 0 |6 300_100000000000000_WEB_1988 |7 0 |8 A |9 214805 |a BIBHIS |b BIBHIS |d 2019-11-15 |i 1338536 |o 300.1 WEB 1988 |p 1338536 |r 2025-01-20 |w 2019-11-15 |y BK |k HIS | ||
| 952 | |0 0 |1 0 |3 erb |4 0 |6 300_100000000000000_WEB_1988 |7 0 |8 A |9 214806 |a BIBEDU |b BIBEDU |i 5415276 |o 300.1 WEB 1988 |p 5415276 |r 2019-11-15 |w 2019-11-15 |y BK |z Catalogado en:20170818 |k PSI | ||